Socio religious thoughts of Mahatma Gandhi / (Record no. 124004)

MARC details
000 -LEADER
fixed length control field 00649nam a22002297a 4500
005 - DATE AND TIME OF LATEST TRANSACTION
control field 20170124105933.0
010 ## - LIBRARY OF CONGRESS CONTROL NUMBER
LC control number A-382045
020 ## - INTERNATIONAL STANDARD BOOK NUMBER
Terms of availability 00.00
035 ## - SYSTEM CONTROL NUMBER
System control number A-382045
037 ## - SOURCE OF ACQUISITION
Source of stock number/acquisition Cen Lib/Ret
040 ## - CATALOGING SOURCE
Original cataloging agency DPL
Language of cataloging EN
082 ## - DEWEY DECIMAL CLASSIFICATION NUMBER
Classification number 301.153
Item number BHA
100 ## - MAIN ENTRY--PERSONAL NAME
Personal name Bharathi, K.S
9 (RLIN) 8868
245 ## - TITLE STATEMENT
Title Socio religious thoughts of Mahatma Gandhi /
Statement of responsibility, etc by K.S. Bharathi
260 ## - PUBLICATION, DISTRIBUTION, ETC. (IMPRINT)
Place of publication, distribution, etc Nagpur
Name of publisher, distributor, etc Dattsons publishers
Date of publication, distribution, etc 1989
270 ## - ADDRESS
City Nagpur
Address J. nehru marg, sadar
300 ## - PHYSICAL DESCRIPTION
Extent 200p.
Dimensions 21cm(Hb)
500 ## - GENERAL NOTE
General note Includes index
650 ## - SUBJECT ADDED ENTRY--TOPICAL TERM
Topical term or geographic name as entry element Politics
9 (RLIN) 6612
650 ## - SUBJECT ADDED ENTRY--TOPICAL TERM
Topical term or geographic name as entry element Politician leader
Geographic subdivision India
9 (RLIN) 8869
942 ## - ADDED ENTRY ELEMENTS (KOHA)
Source of classification or shelving scheme Dewey Decimal Classification
Koha item type English Books
Classification part 301.153
Call number suffix BHA
Holdings
Withdrawn status Lost status Damaged status Not for loan Home library Current library Date acquired Source of acquisition Cost, normal purchase price Total Checkouts Full call number Barcode Date last seen Copy number Cost, replacement price Price effective from Koha item type
        Central Library Central Library 13/06/2015 Cen Lib/Ret 0.00   301.153 BHA A-382045 13/06/2015 1 0.00 13/06/2015 English Books

© Delhi Public Library
Hit Counter
free hit counter